Catálogo público

Diseños y análisis de experimentos de cruzas dialélicas / (Record no. 204386)

MARC details
000 -CABECERA
campo de control de longitud fija 00979nam a2200301Ia 4500
001 - NÚMERO DE CONTROL
campo de control Para_5925
003 - IDENTIFICADOR DEL NÚMERO DE CONTROL
campo de control CHAP
008 - DATOS DE LONGITUD FIJA--INFORMACIÓN GENERAL
campo de control de longitud fija 220125s1983 xx 000 0 und d
010 ## - NÚMERO DE CONTROL DE LA BIBLIOTECA DEL CONGRESO
Número de control de LC 204386
040 ## - FUENTE DE LA CATALOGACIÓN
Centro/agencia transcriptor CHAP
082 ## - NÚMERO DE LA CLASIFICACIÓN DECIMAL DEWEY
Número de clasificación PA 575.10184 M3 1983
100 ## - ENTRADA PRINCIPAL--NOMBRE DE PERSONA
Nombre de persona Martínez Garza, Angel
9 (RLIN) 72079
245 ## - MENCIÓN DE TÍTULO
Título Diseños y análisis de experimentos de cruzas dialélicas /
Mención de responsabilidad, etc. por Angel Martínez Garza
250 ## - MENCIÓN DE EDICIÓN
Mención de edición 2
260 ## - PUBLICACIÓN, DISTRIBUCIÓN, ETC.
Lugar de publicación, distribución, etc. Chapingo, Méx. :
Nombre del editor, distribuidor, etc. CP. Centro de Estadística y Cálculo
300 ## - DESCRIPCIÓN FÍSICA
Extensión 252 p.
650 ## - PUNTO DE ACCESO ADICIONAL DE MATERIA--TÉRMINO DE MATERIA
Término de materia o nombre geográfico como elemento de entrada Diseños experimentales
9 (RLIN) 32735
650 ## - PUNTO DE ACCESO ADICIONAL DE MATERIA--TÉRMINO DE MATERIA
Término de materia o nombre geográfico como elemento de entrada Genética
Subdivisión general Modelos matemáticos
9 (RLIN) 47479
650 ## - PUNTO DE ACCESO ADICIONAL DE MATERIA--TÉRMINO DE MATERIA
Término de materia o nombre geográfico como elemento de entrada Procesamiento automático de datos en genética
9 (RLIN) 91782
710 ## - PUNTO DE ACCESO ADICIONAL--NOMBRE DE ENTIDAD CORPORATIVA
Nombre de entidad corporativa o nombre de jurisdicción como elemento de entrada Colegio de Postgraduados Chapingo. Centro de Estadística y Cálculo
9 (RLIN) 170290
901 ## - ELEMENTOS DE DATOS A LOCAL LDA (RLIN)
a PA 575.10184 M3 1983
902 ## - ELEMENTOS DE DATOS B LOCAL, LDB (RLIN)
a M
905 ## - ELEMENTOS DE DATOS E LOCAL, LDE (RLIN)
a 0000001983 0000000000 00
910 ## - DATOS DE OPCIÓN DEL USUARIO (OCLC)
Datos de opción del usuario 1983
942 ## - ELEMENTOS DE PUNTO DE ACCESO ADICIONAL (KOHA)
Tipo de ítem Koha Parasitologia_
942 ## - ELEMENTOS DE PUNTO DE ACCESO ADICIONAL (KOHA)
Tipo de ítem Koha Parasitologia_
-- 1
Holdings
Estado de retiro Estado de pérdida Fuente del sistema de clasificación o colocación Estado dañado No para préstamo Código de colección Localización permanente Ubicación/localización actual Fecha de adquisición Información codificada de la localización en otra ubicación Número de inventario Total de préstamos Signatura topográfica completa Código de barras Fecha visto por última vez Número de copia Precio válido a partir de Tipo de ítem Koha Nota pública
    Dewey Decimal Classification     General Parasitologia Agricola Parasitologia Agricola 27/10/2005 PARA (PA_3374) (No. UACh C/E)   PA 575.10184 M3 1983 4102000309 25/01/2022 Ej.1 25/01/2022 Libro 3